000 00570nam a2200205Ia 4500
005 20250508165317.0
008 008 250505s9999 xx 000 0 eng d
020 _a978-81-925419-0-9
037 _aTheses
040 _aFEDL
_beng
_cFEDL
041 _aeng
_2eng
084 _a370.1, SHA/TH
_qFEDL
100 _aSharma Navneet
245 0 _aSituating the educand: Knowledge, knowing and modernity
260 _c2012
300 _avi, 142p.
546 _aPh.D. Thesis (Delhi University)
942 _cTH
_h370.1, SHA/TH
999 _c1394377
_d1394377